| 000 | 01715nam0a2200385 4500 | ||
|---|---|---|---|
| 001 | RU\NLR\bibl\957807 | ||
| 005 | 20250614203316.0 | ||
| 010 |
_a5-7253-1249-6 _9100 |
||
| 021 |
_aRU _b2006-22884 _91139 |
||
| 035 | _a(nilc)RSL-KNO-002875366 | ||
| 035 | _a(NLR Aleph) 000945864 | ||
| 090 |
_a248893 _c248893 |
||
| 100 | _a20060505d2005 |||y0rusy50 ca | ||
| 101 | 0 | _arus | |
| 102 | _aRU | ||
| 105 | _aa ||||||||| | ||
| 106 | _ar | ||
| 200 | 1 |
_aУправление формированием и использованием кадров руководителей и специалистов _fБ.Г. Туренко _gФедер. агентство по образованию, Байк. гос. ун-т экономики и права |
|
| 210 |
_aИркутск _cИзд-во БГУЭП _d2005 _eИркутск _gИПО БГУЭП |
||
| 215 |
_a397 с. _cил. _d21 |
||
| 320 | _aБиблиогр.: с. 290-315 (312 назв.) и в тексте | ||
| 606 | 1 |
_aСпециалисты _xИспользование _xУправление _91666264 _3RU\NLR\auth\661037430 |
|
| 606 | 1 |
_aУправление _xКадры _yРоссийская Федерация _92116691 _3RU\NLR\auth\661278648 |
|
| 610 | 0 | _aЭкономика -- Российская Федерация -- Труд -- Кадры -- Управленческие кадры | |
| 686 |
_aУ9(2)249.202.2,0 _2rubbk |
||
| 686 | _aУ24(2)920.12-21 | ||
| 700 | 1 |
_aТуренко _bБ. Г. _gБорис Григорьевич _4070 |
|
| 801 | 0 |
_aRU _bРКП _c20060505 _grcr |
|
| 801 | 1 |
_aRU _bРГБ _c20060505 |
|
| 801 | 2 |
_aRU _bNLR _c20060608 _grcr |
|
| 830 | _aАвт. по кн. | ||
| 942 | _cBOOK | ||
| 980 | _aNB | ||
| 980 | _aNBR | ||